| 000 | 00389nam a2200145Ia 4500 | ||
|---|---|---|---|
| 008 | 230312s9999||||xx |||||||||||||| ||und|| | ||
| 020 | _a81-8173-392-1 | ||
| 082 |
_a612 _bSIN-M |
||
| 100 | _aSinko;Patrick.J | ||
| 245 | 0 | _aMartin's Physical Pharmacy and Pharmaceutical Sciences | |
| 260 |
_bLippioncott _aIndia _c2011 |
||
| 300 | _a659 | ||
| 650 |
_aPharmacy _vPharmaceutical |
||
| 942 | _cBK | ||
| 999 |
_c10938 _d10938 |
||